Normal view MARC view

Entry Topical Term

Number of records used in: 39

001 - CONTROL NUMBER

  • control field: 24247

003 - CONTROL NUMBER IDENTIFIER

  • control field: OSt

005 - DATE AND TIME OF LATEST TRANSACTION

  • control field: 20230522153306.0

008 - FIXED-LENGTH DATA ELEMENTS

  • fixed length control field: 230522|| aca||aabn | a|a d

040 ## - CATALOGING SOURCE

  • Original cataloging agency: OSt
  • Transcribing agency: OSt

150 ## - HEADING--TOPICAL TERM

  • Topical term or geographic name entry element: လင်ႇၵႃႇတႆး

670 ## - SOURCE DATA FOUND

  • Source citation: Work cat.: (OSt): ၶေႃႈပူင်သွၼ်ၶူးလၢႆးတႅမ်ႈဝွၵ်း၊ လင်ႇၵႃႇတႆး လႄႈ သဵၼ်ႈမၢႆၸဝ်ႈၶူးမေႃ၊ ၸဝ်ႈၸရေး၊ ပပ်ႉမူႇလိၵ်ႈတြႃး။ , 2017

Library - 09407999929
Admin Office - 09407999979
Dean Office - 09250910768
Registrar Office - 09892297154
Email - [email protected]
Shan State Buddhist University, Phaya Phyu Taunggyi, Shan State, Myanmar.